000 00292nam a22001337a 4500
008 180306b xxu||||| |||| 00| 0 eng d
020 _a9781844518470
041 _aeng
080 _a7
100 _a44
101 _aART
245 _aDreams an illustrated guide
_cAhmad,R
942 _2udc
_cBK
999 _c44176
_d44176